Loading...
Bioprocess Technology
| Main Author: | |
|---|---|
| Other Authors: | |
| Format: | Printed Book |
| Published: |
Chennai
MJP
2007
|
| LEADER | 00440nam a22001457a 4500 | ||
|---|---|---|---|
| 020 | |a 9788180940323 | ||
| 082 | |a 664.024 |b KAL/BI | ||
| 100 | |a Kalaichelvan,P T | ||
| 245 | |a Bioprocess Technology | ||
| 260 | |a Chennai |b MJP |c 2007 | ||
| 300 | |a 664p. | ||
| 700 | |a Arul Pandi,I | ||
| 942 | |c BK | ||
| 999 | |c 6103 |d 6103 | ||
| 952 | |0 0 |1 0 |4 0 |6 664_024000000000000_KAL_BI |7 0 |8 NFIC |9 7629 |a KUFOS |b KUFOS |c GEN |d 2016-06-13 |o 664.024 KAL/BI |p 16261 |r 2016-06-13 |w 2016-06-13 |y BK | ||